Normal view
MARC view
- القانون البحري- الاردن-بريطانيا- معاهدات دولية
Entry Topical Term
001 - CONTROL NUMBER
- control field: 61465
003 - CONTROL NUMBER IDENTIFIER
- control field: JO-AjAnu
005 - DATE AND TIME OF LATEST TRANSACTION
- control field: 20230606084038.0
008 - FIXED-LENGTH DATA ELEMENTS
- fixed length control field: 230606|| aca||aabn | a|a d
040 ## - CATALOGING SOURCE
- Original cataloging agency: JO-AjAnu
- Transcribing agency: JO-AjAnu
150 ## - HEADING--TOPICAL TERM
- Topical term or geographic name entry element: القانون البحري- الاردن-بريطانيا- معاهدات دولية
670 ## - SOURCE DATA FOUND
- Source citation: Work cat.: (JO-AjAnu)31352: اعداد الحبابية، سيف الدين جميل محمد؛ اشراف عبدالله ماجد العكايلة, author 61464, القانون الواجب التطبيق على حوادث السفن (دراسة مقارنة بين القانون الاردني والقانون البريطاني والمعاهدات الدولية)=Necessarily applied law on ship incidents (a comparative study between jordanian law, British law,and international treaties)